[Event "Mataro Vinas Memorial 13th"]
[Site "Mataro"]
[Date "2017.06.03"]
[Round "6"]
[White "Bimbatti Dorante, Gian Carlos"]
[Black "Moravich Casais, Juan Santiago"]
[Result "1-0"]
[WhiteElo "1997"]
[BlackElo "2006"]
[PlyCount "145"]
[EventDate "2017.04.22"]
[EventType "swiss"]
[EventRounds "8"]
[EventCountry "ESP"]
[SourceTitle "CBM 187 Extra"]
[Source "ChessBase"]
[SourceDate "2018.11.04"]
[SourceVersion "1"]
[SourceVersionDate "2018.11.04"]
[SourceQuality "1"]

1. e4 c5 2. c3 e6 3. d4 d5 4. Bd3 Nc6 5. Nf3 dxe4 6. Bxe4 Nf6 7. Bxc6+ bxc6 8. 0-0 Be7 9. Ne5 Qb6 10. Na3 Ba6 11. Nac4 Qb7 12. Re1 Bxc4 13. Nxc4 cxd4 14. cxd4 Rd8 15. Be3 0-0 16. Qf3 Qb5 17. Rec1 Qd5 18. Ne5 Qxf3 19. Nxf3 Rb8 20. b3 Rfc8 21. Ne5 c5 22. dxc5 Nd5 23. Bd4 f6 24. Nd3 e5 25. Be3 Nxe3 26. fxe3 e4 27. Nb2 Bxc5 28. Nc4 Rd8 29. Rd1 Kf7 30. Kf2 h5 31. Na5 Bb6 32. Nc4 Bc7 33. h3 h4 34. Ke2 Ke6 35. Rac1 Rxd1 36. Rxd1 Rd8 37. Rc1 Rd7 38. b4 Bd8 39. Nd2 f5 40. Nb3 Rc7 41. Nd4+ Kf6 42. Rxc7 Bxc7 43. b5 g5 44. Nc6 Bb6 45. a4 f4 46. a5 Bxe3 47. Nxa7 Ke6 48. Nc6 Kd6 49. a6 Kc7 50. Ne7 Kb8 51. Nd5 Bg1 52. Nf6 Ka7 53. Nxe4 Kb6 54. Nf2 Ka7 55. Ne4 Kb6 56. Nxg5 Kxb5 57. Nf3 Be3 58. Nxh4 Kxa6 59. Kf3 Kb6 60. Ng6 Kc6 61. Nxf4 Bc1 62. Ke4 Kd6 63. g4 Ke7 64. Kf5 Kf7 65. Ne6 Kg8 66. Kg6 Kh8 67. h4 Bd2 68. g5 Bc1 69. h5 Kg8 70. h6 Kh8 71. Nd8 Bxg5 72. Nf7+ Kg8 73. h7+ 1-0

[Event "Mataro Vinas Memorial 12th"]
[Site "Mataro"]
[Date "2016.04.09"]
[Round "1"]
[White "Bimbatti Dorante, Gian Carlos"]
[Black "Gonzalez Moreno, Antoni"]
[Result "1-0"]
[WhiteElo "2010"]
[BlackElo "1804"]
[PlyCount "57"]
[EventDate "2016.04.09"]
[EventType "swiss"]
[EventRounds "9"]
[EventCountry "ESP"]
[SourceTitle "EXT 2017"]
[Source "ChessBase"]
[SourceDate "2016.10.25"]
[SourceVersion "1"]
[SourceVersionDate "2016.10.25"]
[SourceQuality "1"]

1. e4 e5 2. Nf3 Nc6 3. Bb5 a6 4. Ba4 Nf6 5. Qe2 d6 6. c3 Be7 7. 0-0 b5 8. Bc2 Bg4 9. Rd1 0-0 10. h3 Bh5 11. a4 Qb8 12. axb5 Qxb5 13. Bd3 Qb6 14. Na3 Na5 15. b4 Nb3 16. Nc4 Qb8 17. Rb1 Nxc1 18. Rdxc1 c6 19. Ra1 Bxf3 20. Qxf3 d5 21. Na5 Qb6 22. Qe2 Rfc8 23. exd5 Nxd5 24. Nc4 Qc7 25. Nxe5 Nf4 26. Qe4 Nxd3 27. Nxd3 Re8 28. Qc4 Qb6 29. Ne5 1-0

[Event "Maresme op 9th"]
[Site "Maresme"]
[Date "2012.10.20"]
[Round "4"]
[White "Bimbatti Dorante, Gian Carlos"]
[Black "Gomez Girones, Fermin"]
[Result "1-0"]
[WhiteElo "2083"]
[BlackElo "1794"]
[PlyCount "125"]
[EventDate "2012.09.29"]
[EventType "swiss"]
[EventRounds "9"]
[EventCountry "ESP"]
[SourceTitle "EXT 2014"]
[Source "ChessBase"]
[SourceDate "2013.11.20"]
[SourceVersion "1"]
[SourceVersionDate "2013.11.20"]
[SourceQuality "1"]

1. c4 e6 2. Nf3 c6 3. Nc3 d5 4. d4 Nf6 5. Bg5 Nbd7 6. e3 Bd6 7. Bd3 0-0 8. 0-0 Re8 9. e4 dxe4 10. Nxe4 Be7 11. Ng3 h6 12. Bd2 Bd6 13. Bc3 e5 14. Qc2 b6 15. Rad1 Qc7 16. Rfe1 Bb7 17. Nf5 exd4 18. Nxd6 Qxd6 19. Rxe8+ Rxe8 20. Bxd4 Qb8 21. c5 bxc5 22. Bxc5 Nxc5 23. Qxc5 Rd8 24. h3 Rd5 25. Qc2 Qd8 26. Rd2 Kf8 27. b4 Qd6 28. Bc4 Rxd2 29. Qxd2 Qxd2 30. Nxd2 Ke7 31. f3 Ne8 32. Kf2 Nd6 33. Bd3 f6 34. Ke3 Ke6 35. g4 Ne8 36. Bc4+ Kd6 37. Kd4 Kc7 38. Ne4 Bc8 39. a4 f5 40. Nc5 fxg4 41. fxg4 Kb8 42. Ke5 Kc7 43. Ne4 Bd7 44. Be6 Kd8 45. h4 Nc7 46. Nc5 Bc8 47. g5 Ne8 48. Bf7 Nc7 49. Kd6 Ne8+ 50. Bxe8 Kxe8 51. Nd3 hxg5 52. hxg5 Bf5 53. Ne5 Be4 54. a5 Kd8 55. Nxc6+ Bxc6 56. Kxc6 Kc8 57. b5 g6 58. Kd6 Kb7 59. Kd7 Kb8 60. Ke6 Kc7 61. Ke7 Kc8 62. Kf7 Kc7 63. Kxg6 1-0

[Event "Maresme op 8th"]
[Site "Maresme"]
[Date "2011.11.05"]
[Round "7"]
[White "Bimbatti Dorante, Gian Carlos"]
[Black "Ruiz Molina, Gabriel"]
[Result "0-1"]
[WhiteElo "2019"]
[BlackElo "1928"]
[PlyCount "72"]
[EventDate "2011.09.24"]
[EventType "swiss"]
[EventRounds "9"]
[EventCountry "ESP"]
[SourceTitle "EXT 2013"]
[Source "ChessBase"]
[SourceDate "2012.11.22"]
[SourceVersion "1"]
[SourceVersionDate "2012.11.22"]
[SourceQuality "1"]

1. Nf3 Nf6 2. c4 b6 3. g3 Bb7 4. Bg2 g6 5. 0-0 Bg7 6. d4 0-0 7. Nc3 d6 8. Qc2 c5 9. d5 Nbd7 10. e4 a6 11. Re1 Rb8 12. Rb1 Bc8 13. b4 Ng4 14. h3 Nge5 15. bxc5 Nxf3+ 16. Bxf3 Nxc5 17. Ne2 Bxh3 18. Nf4 Bd7 19. Bb2 Ba4 20. Qd2 b5 21. Bxg7 Kxg7 22. Kg2 bxc4 23. Rxb8 Qxb8 24. Rh1 Rh8 25. Qd4+ f6 26. Bg4 Bc2 27. Re1 Qb4 28. Re3 h5 29. Be2 h4 30. g4 Qb1 31. Nh3 Bd3 32. g5 Bxe2 33. gxf6+ exf6 34. Rxe2 Qd3 35. Qxd3 Nxd3 36. Re3 Rc8 0-1

[Event "Maresme op 8th"]
[Site "Maresme"]
[Date "2011.10.15"]
[Round "4"]
[White "Bimbatti Dorante, Gian Carlos"]
[Black "Garcia Garcia, Candido"]
[Result "1-0"]
[WhiteElo "2019"]
[BlackElo "1858"]
[PlyCount "195"]
[EventDate "2011.09.24"]
[EventType "swiss"]
[EventRounds "9"]
[EventCountry "ESP"]
[SourceTitle "EXT 2013"]
[Source "ChessBase"]
[SourceDate "2012.11.22"]
[SourceVersion "1"]
[SourceVersionDate "2012.11.22"]
[SourceQuality "1"]

1. e4 e5 2. Nf3 Nc6 3. Bb5 a6 4. Ba4 Nf6 5. 0-0 Be7 6. Qe2 b5 7. Bb3 d6 8. c3 Na5 9. Bc2 c5 10. h3 Nc6 11. Rd1 0-0 12. a4 b4 13. d4 Qc7 14. d5 Na5 15. Nbd2 Qb6 16. cxb4 Qxb4 17. b3 Bd7 18. Ba3 Qb6 19. Rab1 Rfb8 20. Rb2 Qc7 21. Rdb1 Nb7 22. Nc4 Na5 23. Nfd2 Nxc4 24. Nxc4 a5 25. Qd2 Nh5 26. Bd3 Nf4 27. Bf1 Bg5 28. Qc2 Rf8 29. g4 h5 30. f3 hxg4 31. fxg4 g6 32. Re1 Kg7 33. Qc3 Rh8 34. Rh2 Be7 35. Bc1 g5 36. Re3 Kg6 37. Rf3 f6 38. Na3 Qb6 39. Nb5 Bxb5 40. Bxb5 Rh6 41. Be3 Rah8 42. Bxf4 gxf4 43. Kg2 Qc7 44. Kg1 Kg5 45. Bc4 Qb6 46. Kg2 Qb4 47. Qc1 Rh4 48. Rd3 Rb8 49. Qf1 Qa3 50. Kh1 Qb4 51. Rf2 Rbh8 52. Kg2 R8h7 53. Qd1 Rh8 54. Qc1 Qb7 55. Rdf3 Kg6 56. Qd2 Qb4 57. Qd1 Qb7 58. Bb5 Qc7 59. Qd2 Rd8 60. Qe1 Kg5 61. Rc2 Rdh8 62. b4 Ra8 63. Bc6 Ra7 64. b5 Bd8 65. Qc1 Qe7 66. Rcf2 Qh7 67. Qc4 Bb6 68. Be8 Rh6 69. Bh5 Qe7 70. Rf1 Rh8 71. Rh1 Qh7 72. h4+ Kh6 73. Kh3 Kg7 74. Rh2 Kg8 75. Rg2 Kf8 76. Qe2 Rc7 77. Rc3 Qe7 78. Rc4 Qh7 79. Qf3 Qh6 80. Rh2 Rg7 81. Kg2 Ke7 82. Kf2 Qh7 83. Qh3 Rhg8 84. Kf3 Rh8 85. Kf2 Qg8 86. Kf1 Rhh7 87. Rcc2 Qc8 88. Qf3 Qh8 89. Ke2 Rh6 90. Kd3 Qg8 91. Kc4 Qh8 92. Rc1 Kf8 93. Rg1 Rgh7 94. Qh3 Re7 95. g5 fxg5 96. Qf5+ Qf6 97. Rxg5 Qxf5 98. Rxf5+ 1-0

[Event "BCF-chT3 0102 (4NCL)"]
[Site "Birmingham"]
[Date "2002.01.20"]
[Round "6.6"]
[White "Bimbatti Dorante, Gian Carlos"]
[Black "Adams, Mark"]
[Result "0-1"]
[WhiteElo "1768"]
[BlackElo "2084"]
[PlyCount "92"]
[EventDate "2001.09.??"]
[EventType "team"]
[EventRounds "11"]
[EventCountry "ENG"]
[SourceTitle "EXT 2003"]
[Source "ChessBase"]
[SourceDate "2002.11.25"]
[SourceVersion "1"]
[SourceVersionDate "2002.11.25"]
[SourceQuality "1"]
[WhiteTeam "Guildford III"]
[BlackTeam "SW Dragons II"]
[WhiteTeamCountry "ENG"]
[BlackTeamCountry "ENG"]

1. e4 c5 2. Nf3 d6 3. Nc3 Nf6 4. e5 dxe5 5. Nxe5 a6 6. Be2 Nbd7 7. Nc4 e6 8. a4 Be7 9. Bf3 0-0 10. d3 Nb6 11. 0-0 Nxc4 12. dxc4 Qc7 13. Qe2 Bd7 14. b3 Rad8 15. Bb2 Bc6 16. Rad1 Bd6 17. h3 Rd7 18. Rd3 Rfd8 19. Rfd1 Be7 20. Ne4 Bxe4 21. Bxe4 Nxe4 22. Qxe4 Rxd3 23. Rxd3 Rxd3 24. Qxd3 Qd6 25. Qxd6 Bxd6 26. Kf1 f5 27. Ke2 Kf7 28. Ke3 g5 29. f3 Be7 30. Be5 Bf6 31. Bd6 Be7 32. Be5 Bf6 33. Bd6 Be7 34. Bxe7 Kxe7 35. a5 Kd6 36. f4 h6 37. c3 e5 38. fxg5 hxg5 39. g3 e4 40. g4 Ke5 41. gxf5 Kxf5 42. b4 Ke5 43. bxc5 Kf5 44. c6 bxc6 45. Kd4 Kf4 46. Kc5 e3 0-1

[Event "BCF-chT3 0102 (4NCL)"]
[Site "Birmingham"]
[Date "2001.11.25"]
[Round "4.6"]
[White "Bimbatti Dorante, Gian Carlos"]
[Black "Partington, Anna G"]
[Result "1-0"]
[WhiteElo "1768"]
[BlackElo "1792"]
[PlyCount "119"]
[EventDate "2001.09.??"]
[EventType "team"]
[EventRounds "11"]
[EventCountry "ENG"]
[SourceTitle "EXT 2003"]
[Source "ChessBase"]
[SourceDate "2002.11.25"]
[SourceVersion "1"]
[SourceVersionDate "2002.11.25"]
[SourceQuality "1"]
[WhiteTeam "Guildford III"]
[BlackTeam "South County Stars"]
[WhiteTeamCountry "ENG"]
[BlackTeamCountry "ENG"]

1. e4 c6 2. d4 d5 3. Nd2 dxe4 4. Nxe4 Nf6 5. Ng3 g6 6. Bc4 Bg7 7. N1e2 Nbd7 8. 0-0 0-0 9. f4 Nb6 10. Bd3 Ng4 11. c3 Nd5 12. Rf3 Qb6 13. f5 e5 14. fxe6 Bxe6 15. h3 Ngf6 16. a3 Nd7 17. Kh1 Ne7 18. Nf4 Bb3 19. Qf1 Nd5 20. Nge2 c5 21. c4 Nxf4 22. Nxf4 cxd4 23. Nd5 Qc5 24. Bd2 a5 25. Bf4 Nb6 26. Nxb6 Qxb6 27. Re1 Ba4 28. Rf2 Rfe8 29. Rfe2 Rxe2 30. Rxe2 Re8 31. Kg1 Re6 32. Qe1 Bd7 33. Rxe6 Bxe6 34. b4 axb4 35. axb4 Qa6 36. b5 Qa3 37. Qe2 Qb3 38. Kf2 Bf8 39. Be5 Bg7 40. Bxg7 Kxg7 41. Qe5+ Kg8 42. Qxd4 Qa2+ 43. Kg3 Qa3 44. Kh2 Qb3 45. c5 Bd5 46. b6 Qa2 47. Be4 Bxe4 48. Qxe4 Qa6 49. Qe8+ Kg7 50. Qe5+ Kh6 51. Qe3+ Kg7 52. c6 bxc6 53. Qe5+ Kh6 54. Qc7 g5 55. b7 g4 56. b8Q gxh3 57. Qf8+ Kg5 58. Qe5+ Kh4 59. Qh6+ Kg4 60. Qef4# 1-0

[Event "BCF-chT3a 0001 (4NCL)"]
[Site "Birmingham"]
[Date "2000.09.24"]
[Round "2.6"]
[White "Wilson, Alexandra"]
[Black "Bimbatti Dorante, Gian Carlos"]
[Result "1-0"]
[WhiteElo "1648"]
[BlackElo "1880"]
[PlyCount "92"]
[EventDate "2000.11.26"]
[EventType "team-tourn"]
[EventRounds "7"]
[EventCountry "ENG"]
[SourceTitle "EXT 2002"]
[Source "ChessBase"]
[SourceDate "2001.11.25"]
[SourceVersion "1"]
[SourceVersionDate "2001.11.25"]
[SourceQuality "1"]
[WhiteTeam "Mindsports"]
[BlackTeam "Guildford III"]
[WhiteTeamCountry "ENG"]
[BlackTeamCountry "ENG"]

1. e4 c5 2. Nf3 Nc6 3. c3 d5 4. exd5 Qxd5 5. d4 Bg4 6. Be2 Nf6 7. Be3 cxd4 8. cxd4 e6 9. 0-0 a6 10. Nc3 Qa5 11. h3 Bh5 12. Qb3 Qb4 13. Qxb4 Nxb4 14. Rac1 Bd6 15. a3 Nbd5 16. Bg5 Nxc3 17. bxc3 Ne4 18. Be3 0-0 19. a4 Rfc8 20. c4 Bb4 21. c5 Nc3 22. Bd1 Bg6 23. Bd2 Nd5 24. Bxb4 Nxb4 25. Ne5 Be4 26. Re1 Bd5 27. Rb1 a5 28. Nd7 Rd8 29. Nb6 Rab8 30. Re2 Nc6 31. Rd2 Be4 32. Rb5 Nxd4 33. Rxa5 Bc6 34. Nc4 e5 35. Nxe5 f6 36. Nc4 Ne6 37. Nd6 Kf8 38. Bg4 Nf4 39. g3 Ng6 40. Bf5 Ne5 41. Kf1 g6 42. Be4 Rxd6 43. Rxd6 Bxe4 44. Rxf6+ Ke7 45. Rf4 Bd3+ 46. Kg2 Nc6 1-0

[Event "BCF-chT3a 0001 (4NCL)"]
[Site "Birmingham"]
[Date "2000.09.23"]
[Round "1.6"]
[White "Bimbatti Dorante, Gian Carlos"]
[Black "Allen, Dominic"]
[Result "1-0"]
[WhiteElo "1880"]
[BlackElo "1672"]
[PlyCount "57"]
[EventDate "2000.11.26"]
[EventType "team-tourn"]
[EventRounds "7"]
[EventCountry "ENG"]
[SourceTitle "EXT 2002"]
[Source "ChessBase"]
[SourceDate "2001.11.25"]
[SourceVersion "1"]
[SourceVersionDate "2001.11.25"]
[SourceQuality "1"]
[WhiteTeam "Guildford III"]
[BlackTeam "NCCL"]
[WhiteTeamCountry "ENG"]
[BlackTeamCountry "ENG"]

1. e4 c5 2. Nf3 d6 3. Nc3 Nf6 4. d4 cxd4 5. Nxd4 g6 6. Be2 Bg7 7. Be3 a6 8. Qd2 Nc6 9. f3 0-0 10. 0-0-0 Nxd4 11. Bxd4 b5 12. h4 b4 13. Nd5 e5 14. Bb6 Qd7 15. Qxb4 Nxd5 16. Rxd5 Qb7 17. Ba5 Qxb4 18. Bxb4 Be6 19. Ra5 Rfc8 20. Rd1 Rd8 21. Bxd6 Rd7 22. Bb5 Rdd8 23. Be2 Rd7 24. g4 f6 25. c4 Bh6+ 26. Kb1 Be3 27. c5 Rad8 28. Kc2 Bd4 29. Rxa6 1-0